000 00529 a2200181 4500
003 OSt
005 20240202113709.0
008 240202b |||||||| |||| 00| 0 eng d
020 _a9789391899233
040 _coclc
082 _a297
_bSAY/I
100 _aSayyid, Salman
_910355
245 _aISLAM ISLAMISM KHILAFATHINE PUNARVAYIKKUMPOL /
_cSalman Sayyid
250 _a1st ed.
260 _aKozhikode:
_bIslamic Publishing House,
_c2022.
300 _a280p.
942 _2ddc
_cBK
_h297
_iSAY/I
_k297
_mSAY/I
999 _c43414
_d43414